Visualizzazione normale
Vista MARC
- Cuervo, Rufino José
di Personal Name
Records bibliografici associati: 2
001 - CONTROL NUMBER
- control field: 39807
003 - CONTROL NUMBER IDENTIFIER
- control field: IT-RoINE
005 - DATE AND TIME OF LATEST TRANSACTION
- control field: 20171002101327.0
008 - FIXED-LENGTH DATA ELEMENTS
- fixed length control field: 171002|| aca||aabn | a|a d
040 ## - CATALOGING SOURCE
- Original cataloging agency: IT-RoINE
- Transcribing agency: IT-RoINE
100 ## - HEADING--PERSONAL NAME
- Personal name: Cuervo, Rufino José
- Dates associated with a name: 1844-1911
670 ## - SOURCE DATA FOUND
- Source citation: Work cat.: (IT-RoINE)0: Rufino José Cuervo, el reencuentro con la palabra : celebración del Día del Idioma en el Instituto Caro y Cuervo /, 1999.